| 000 | 00663nam a2200289Ia 4500 | ||
|---|---|---|---|
| 008 | 161027s9999||||xx |||||||||||||| ||und|| | ||
| 040 | _cgujrathi-sanskrit | ||
| 082 | _aX.B | ||
| 082 | _bBORI-37589 | ||
| 100 | _ashree nyayvijay | ||
| 245 | _aAnekant-vibhuti | ||
| 260 | _agujarat | ||
| 260 | _bshree jain yuvaksangh | ||
| 260 | _c1987 | ||
| 300 | _a29 | ||
| 300 | _cA | ||
| 300 | _ePaperback | ||
| 530 | _u000037408.pdf | ||
| 563 | _atext | ||
| 600 | _ashree nyayvijay | ||
| 630 | _aAnekant-vibhuti | ||
| 650 | _aBuddhism and Jainsm | ||
| 650 | _ajainism | ||
| 700 | _ashree nyayvijay | ||
| 730 | _aAnekant-vibhuti | ||
| 942 | _cBOOK | ||
| 999 |
_c1401461 _d1401458 |
||